000 00685nam a2200241Ia 4500
003 OSt
005 20221005065813.0
006 a|||||r|||| 00| 0
007 ta
008 221004b |||||||| |||| 00| 0 eng d
024 _a23076
037 _cTextual
040 _aCRL
_cCRL
_beng
041 _2eng
_aeng
082 _aX:3M24xM18:g, M7
100 _aDevey Varley
_9605003
245 0 _aPhilosophy and social theory
_b An introduction to historical materialism
260 _aMoscow
_bProgress Publishers Russia
_c1987
300 _a196p.
_ccm.
650 _aECONOMICS
942 _hX:3M24xM18:g, M7
_cTEXL
_2cc
999 _c975219
_d975219